UBT Library

Complications in Cardiothoracic Surgery (Record no. 53176)

000 -LEADER
fixed length control field 00310nam a22001337a 4500
008 - FIXED-LENGTH DATA ELEMENTS--GENERAL INFORMATION
fixed length control field 181217b xxu||||| |||| 00| 0 eng d
020 ## - INTERNATIONAL STANDARD BOOK NUMBER
International Standard Book Number 0815191758
041 ## - LANGUAGE CODE
Language code of text/sound track or separate title eng
080 ## - UNIVERSAL DECIMAL CLASSIFICATION NUMBER
Universal Decimal Classification number 617
100 ## - Rafti
Rafti 5
101 ## - Shkurtesa
Shkurtesa KIR
245 ## - TITLE STATEMENT
Title Complications in Cardiothoracic Surgery
Statement of responsibility, etc Waldhausen,J.A
942 ## - ADDED ENTRY ELEMENTS (KOHA)
Source of classification or shelving scheme
Item type Books
Holdings
Withdrawn status Lost status Source of classification or shelving scheme Damaged status Not for loan Collection code Permanent location Current location Shelving location Date acquired Total Checkouts Full call number Barcode Date last seen Price effective from Koha item type
          Koleksioni i përgjithshem UBT - Lipjan UBT - Lipjan Koleksioni i përgjithshem 12/17/2018   617 WAL 002-3019034 12/17/2018 12/17/2018 Books
UBT Library © 2015-2024. All rights reserved University Education for Business and Technology